000 00834nam a22002177a 4500
999 _c164236
_d164236
005 20190712154052.0
010 _aB-728305
020 _a9789332585096
_c809.00
035 _aB-728305
037 _bAksharesh Enterprises
082 _a338.5
100 _aPindyck,Robert S.
245 _aMicroeconomics /
_cby Robert S. Pindyck [and] Daniel L. Rubinfeld
250 _a8th ed
260 _aNoida (U.P.)
_bPearson
_c2019
270 _a15th Floor, Tower-B, World Trade Tower, Plot No.1, Block-C, Sector-16
_bNoida
_e201301
300 _a739p.:
_bill.
_c25cm(pbk)
700 _aRubinfeld, Daniel
942 _2ddc
_cEN
_h338.5
_mPIN